| 000 | 01698cam a22004574i 4500 | ||
|---|---|---|---|
| 003 | PE-LiUPU | ||
| 005 | 20250731165539.0 | ||
| 008 | 150625s r 000 0 d | ||
| 035 | _a(Sirsi) a32905 | ||
| 035 | _a(Sirsi) a32905 | ||
| 040 |
_aPE-LiUPU _bspa _cPE-LiUPU _erda |
||
| 082 | 0 | 4 |
_a221.008 _bAB _221 |
| 100 | 1 |
_aRoure, Damiá, _eautor. |
|
| 245 | 1 | 0 |
_aJesús y la figura de david en Mc 2,23-26. _n124. |
| 264 | 1 |
_aRoma : _bEditrice Pontificio Instituto Biblico, _c1990. |
|
| 300 |
_a172 páginas ; _c24 cm. |
||
| 336 |
_atext _2rdacontent |
||
| 337 |
_aunmediated _2rdamedia |
||
| 338 |
_avolume _2rdacarrier |
||
| 505 | 0 | _aIntroduccion. -Analisis de la narracion y del dialogo. -Anatecedentes Biblicos: La figura de Dios y su relacion con la ley. -LA imagen profetica de David en Qumram y en el Judaismo antiguo. -Exegesis conclusiva. | |
| 526 | _aSEG44 | ||
| 526 | _aSEG26 | ||
| 526 | _aP151 | ||
| 526 | _aP150 | ||
| 526 | _aP149 | ||
| 526 | _aP146 | ||
| 526 | _aP145 | ||
| 526 | _aP126 | ||
| 526 | _aP125 | ||
| 526 | _aP92 | ||
| 526 | _aP75 | ||
| 526 | _aP74 | ||
| 526 | _aP27 | ||
| 526 | _aP15 | ||
| 942 |
_2ddc _cBOOK |
||
| 949 |
_aRC 221.008 AB 124 _wDEWEY _c1 _i38052 _lRC _mBUL _r0 _sY _tBOOK _u2015-6-25 _xBIBLIOTECA _zUNKNOWN _0COMPRA _o.CIRCNOTE. No olvidar cambiar la fecha de devolución!!!!!!! _o.STAFF. Colección General |
||
| 994 |
_aC0 _bPEPRU |
||
| 596 | _a1 | ||
| 999 |
_aRC 221.008 AB 124 _wDEWEY _c40609 _i38052 _f2021-11-8 _g6 _lCCODEBUL1 _mBUL _r1 _sY _tBOOK _u2015-6-25 _xTEOLOGIA _zUNKNOWN _0COMPRA _o.CIRCNOTE. No olvidar cambiar la fecha de devolución!!!!!!! _o.STAFF. Colección General _d40609 |
||
| 980 |
_81 _gALBERTO SANCHEZ Responsable de Automatización |
||